| 000 | 00510nam a2200169Ia 4500 | ||
|---|---|---|---|
| 999 |
_c6342 _d6342 |
||
| 003 | OSt | ||
| 005 | 20200128122841.0 | ||
| 008 | 190216s9999||||xx |||||||||||||| ||und|| | ||
| 040 | _coclc | ||
| 082 |
_a346.07 _bPOT/T |
||
| 100 |
_aPotti, L R _9868 |
||
| 245 | 0 |
_aText Book Of Business And Corporate Laws / _cL R Potti |
|
| 260 |
_bYamuna Pub, _c2002. _aThiruvananthapuram: |
||
| 300 | _a516p | ||
| 650 | _aBusiness And Corporate Laws | ||
| 942 |
_cBK _2ddc _h346.07 _iPOT/T _k346.07 _mPOT/T |
||